000 00485nam a2200181Ia 4500
008 191130s2010##################000#0#eng##
020 _a9780077127589
040 _aACL
_cACL
082 _a133.5 LEE
100 _aLees, John
245 _aCareer reboot: 24 tips for tough times
_cJohn Lees
260 _aNew Delhi
_bMcGraw-Hill Professional
_c2010
300 _a120p.
650 _aAstrology
990 _a242f9ee3ac10000c53bc22368c97109f
991 _a438233
999 _c124217
_d124217